|
|
|
|
| LEADER |
01062nam a2200277 a 4500 |
| 001 |
c000014117 |
| 003 |
CARM |
| 005 |
00000000000000.0 |
| 008 |
s1982 enk 00011 eng d |
| 019 |
1 |
|
|a 27543885
|z 2628913
|5 LACONCORD2021
|
| 020 |
|
|
|a 0140431519
|
| 035 |
|
|
|a (OCoLC)9068000
|5 LACONCORD2021
|
| 040 |
|
|
|a WU
|c WU
|
| 082 |
0 |
4 |
|a 823/.5
|2 19
|
| 082 |
0 |
4 |
|a 823/.5
|2 18
|
| 100 |
1 |
|
|d 1707-1754.
|a Fielding, Henry,
|
| 245 |
1 |
0 |
|a Jonathan Wild /
|c Henry Fielding ; edited by David Nokes.
|
| 260 |
|
|
|a Harmondsworth :
|b Penguin,
|c 1982.
|
| 300 |
|
|
|a 279 p. ;
|c 18 cm.
|
| 440 |
|
0 |
|a Penguin English Library;
|
| 500 |
|
|
|a Text includes The true and genuine account of the life and actions of the late Jonathan Wild, by Daniel Defoe.
|
| 700 |
1 |
|
|a Nokes, David.
|
| 700 |
1 |
2 |
|d 1661?-1731.
|a Defoe, Daniel,
|t Jonathan Wild.
|
| 852 |
8 |
|
|b CARM
|h A2:AG15G0
|i A00584
|p 0088527
|f BK
|
| 999 |
f |
f |
|i 5fc63495-df63-5d87-8811-749d3a167f8d
|s c7798779-7775-5cd4-b8bd-d6777aa85bf4
|
| 952 |
f |
f |
|p Can circulate
|a CAVAL
|b CAVAL
|c CAVAL
|d CARM 1 Store
|e A00584
|f A2:AG15G0
|h Other scheme
|i book
|m 0088527
|